Responses for show #3985 - Friday, December 21, 2001

Champion's winnings matched to the Families of Freedom Scholarship Fund ($10,000 minimum).
Performances by the L.A. Spirit Chorale featuring Cheryl Farrell.
No "Think!" music played during Final Jeopardy!

(Sarah: I'm in the Voodoo Museum in New Orleans, so next week it should be, "Here's the host of Jeopardy!--Sarah Whitcomb.")

Contestants

Carly Minner, a project assistant from Washington, D.C.

Robert Heiler, a director of a public policy think tank from Alexandria, Virginia

Loyd Gattis, a graduate student originally from Norman, Oklahoma (whose 1-day cash winnings total $5,200)

Jeopardy! Round responses

THE FIRST MILLENNIUM A.D.
TV TRIVIA
IT'S A BOOK IN THE BIBLE
JUDY, JUDI, JUDIE
DO DO THAT VOODOO
__ OF THE __
    $200 19
(Loyd: What is the Forum?)
(Robert: What is the Parthenon?)

Colosseum

LoydRobertCarly
    $200 5
Hogan's Heroes

Robert
    $200 10
Ruth

Robert
    $200 24
Sherlock Holmes

Loyd
    $200 13
their hair

Robert
    $200 1
end of the line

Loyd
    $400 20
China

Robert
    $400 6
Will & Grace

Carly
    $400 11
Judges

Loyd
    $400 25
(Alex: Yes, we have a minute to go.)

Judy Blume

Carly
    $400 14
(Alex: Yes, you always want
to keep evil at bay...
or commercial breaks at bay.
But we can't do that,
so here is one.)

evil

Carly
    $400 2
Lord of the Flies

Loyd
    $600 21
Constantinople

Carly
    $600 7
Welcome Back, Kotter

Robert
    $600 12
Genesis

Carly
    $600 26
Crosby, Stills & Nash

Loyd
    $600 15
(Loyd: What are souls?)

gate

LoydRobert
    $600 3
heart of the matter

Carly
    $800 22
Attila the Hun

Triple Stumper
    $800 8
J. Peterman

Robert
    $800 16
Numbers

Loyd
    $1,800 27
Judy Garland

Loyd
    $800 29
(Carly: What is gris?)
...
(Alex: You had to say it twice.)

gris-gris

Carly
Triple Stumper
    $800 4
The Book of the Dead

Robert
    $1000 23
Alfred the Great

Triple Stumper
    $1000 9
Kirstie Alley

Robert
    $1000 17
Kings

Loyd
    $1000 28
Judi Dench

Loyd
    $1000 18
(Loyd: What is bends of the deep?)
(Robert: What are the bends?)

rapture of the deep

LoydRobert
Triple Stumper

Scores at the first commercial break (after clue 14):

Loyd Robert Carly
$1,000 $3,800 $2,000

Scores at the end of the Jeopardy! Round:

Loyd Robert Carly
$4,600 $3,600 $2,400

Double Jeopardy! Round responses

ERNEST HEMINGWAY
FOR WHOM THE BELL TOLLS
THE SNOWS OF KILIMANJARO
A MOVEABLE FEAST
A FAREWELL
TO "ARM"S
    $400 2
Papa

Robert
    $400 13
Notre Dame

Loyd
    $400 26
(Loyd: What is the 18th?)
(Carly: What is the 17th?)
...
(Alex: Yes, it happened in 1848.)

19th

LoydRobertCarly
    $400 1
Colonel Sanders

Loyd
    $400 3
[ERRATUM: Bert says the last line, not Mr. Banks.]

Mary Poppins

Loyd
    $400 8
armoire

Robert
    $800 4
(Robert: What is Spain?)

Cuba

LoydRobert
    $800 18
New Year's

Carly
    $800 27
dormant

Loyd
    $800 20
Domino's (Pizza)

Loyd
    $800 14
E.T.

Robert
    $800 9
(Giorgio) Armani

Carly
    $1200 5
Gertrude Stein

Loyd
    $1200 19
(Loyd: What is...*?
(Alex: You are...right.
If you want to pause
during the response,
I will pause...in the ruling.)

St. Paul's

Loyd
    $1200 28
Nairobi

Carly
    $1200 21
Wendy's

Robert
    $1200 15
Becket

Triple Stumper
    $1200 10
Armenia

Loyd
    $1600 6
Islands in the Stream

Triple Stumper
    $1600 24
the division bell

Triple Stumper
    $1600 29
Tanzania

Triple Stumper
    $1600 22
Dairy Queen

Robert
    $1600 16
The Invisible Man

Robert
    $1600 11
Armageddon

Robert
    $2000 7
Stonewall Jackson

Loyd
    $2000 25
ringing the changes

Loyd
    $1,800 30
(Carly: I don't know.
What is Victoria plain?)

Serengeti

Carly
    $2000 23
Blimpie

Robert
    $2000 17
the horror

Robert
    $3,000 12
Armistice Day

Robert

Scores at the end of the Double Jeopardy! Round:

Loyd Robert Carly
$15,400 $17,800 $3,000

[wagering suggestions for these scores]

Final Jeopardy! Round responses

CHRISTMAS SONGS
(Alex: [To Carly] You were probably going for "What is Latin?" That would've been incorrect.)
...
(Alex: [To Robert] And we take and match that amount for the families of Freedom Scholarship Fund. And that means that that scholarship fund this week on Jeopardy! will have earned about $87,000, with our best wishes. Have a good weekend, ladies and gentlemen. Happy holidays. We'll see you Monday.)
CarlyWhat is La
$2,000
LoydWhat is German?
$9,400
RobertWhat is German
$13,100
German

Final scores:

Loyd Robert Carly
$24,800 $30,900 $1,000
2nd place: trip to Vancouver & stay at Hakai Beach Resort New champion: $30,900 3rd place: trip to New Hampshire's Attitash Bear Peak & stay at Grand Summit

Game dynamics:

Coryat scores:

Loyd Robert Carly
$14,400 $16,800 $4,800
20 R
(including 1 DD),
4 W
20 R
(including 1 DD),
3 W
10 R,
3 W
(including 1 DD)

Combined Coryat: $36,000

The J! Archive is created by fans, for fans. The Jeopardy! game show and all elements thereof, including but not limited to copyright and trademark thereto, are the property of Jeopardy Productions, Inc. and are protected under law. This website is not affiliated with, sponsored by, or operated by Jeopardy Productions, Inc. Join the discussion at JBoard.tv.